<?xml version="1.0" encoding="UTF-8"?>
<record
    xmlns:xsi="http://www.w3.org/2001/XMLSchema-instance"
    xsi:schemaLocation="http://www.loc.gov/MARC21/slim http://www.loc.gov/standards/marcxml/schema/MARC21slim.xsd"
    xmlns="http://www.loc.gov/MARC21/slim">

  <leader>01130nam a2200289 u 4500</leader>
  <controlfield tag="001">554555</controlfield>
  <controlfield tag="005">20260506083205.0</controlfield>
  <controlfield tag="007">co|||||||</controlfield>
  <controlfield tag="008">991012m01uu1997                    spa  </controlfield>
  <datafield tag="020" ind1=" " ind2=" ">
    <subfield code="a">8441502471</subfield>
  </datafield>
  <datafield tag="035" ind1=" " ind2=" ">
    <subfield code="a">554555</subfield>
  </datafield>
  <datafield tag="040" ind1=" " ind2=" ">
    <subfield code="c">comduadb</subfield>
  </datafield>
  <datafield tag="041" ind1=" " ind2=" ">
    <subfield code="a">spa</subfield>
  </datafield>
  <datafield tag="080" ind1=" " ind2=" ">
    <subfield code="a">B/</subfield>
  </datafield>
  <datafield tag="100" ind1="1" ind2="0">
    <subfield code="a">Preiss, Byron</subfield>
    <subfield code="4">pro</subfield>
    <subfield code="e">pro</subfield>
    <subfield code="9">512677</subfield>
  </datafield>
  <datafield tag="245" ind1="1" ind2="0">
    <subfield code="a">Einstein y su teoria de la relatividad</subfield>
  </datafield>
  <datafield tag="260" ind1=" " ind2=" ">
    <subfield code="a">Barcelona :</subfield>
    <subfield code="b">Anaya Interactiva,</subfield>
    <subfield code="c">01-ENE-1997.</subfield>
  </datafield>
  <datafield tag="300" ind1=" " ind2=" ">
    <subfield code="a">1 CD-ROM : son., col. ; 41/3 plg.</subfield>
  </datafield>
  <datafield tag="520" ind1="3" ind2=" ">
    <subfield code="a">Requisitos del sistema: Ordenador PC compatible con procesador 486 DX2-66 o Pentium; Windows 3.1 o superior; 8MB de memoria RAM; Unidad lectora de CD-ROM de doble velocidad; Tarjeta de sonido de 16 bit; Tarjeta grafica SuperVGA con 256 colores; Mouse El CD-ROM se encuentra en Bca Central, 2do. piso, oficina 201</subfield>
  </datafield>
  <datafield tag="600" ind1="1" ind2="4">
    <subfield code="a">Einstein, Albert,</subfield>
    <subfield code="d">1879-1955</subfield>
    <subfield code="9">854402</subfield>
  </datafield>
  <datafield tag="650" ind1=" " ind2="7">
    <subfield code="a">Biograf&#xED;as</subfield>
    <subfield code="2">lemb</subfield>
    <subfield code="9">1340</subfield>
  </datafield>
  <datafield tag="650" ind1=" " ind2="7">
    <subfield code="a">Relatividad (F&#xED;sica)</subfield>
    <subfield code="2">lemb</subfield>
    <subfield code="9">3771</subfield>
  </datafield>
  <datafield tag="650" ind1=" " ind2=" ">
    <subfield code="a">F&#xED;sicos alemanes</subfield>
    <subfield code="9">18930</subfield>
  </datafield>
  <datafield tag="650" ind1=" " ind2="7">
    <subfield code="a">F&#xED;sica</subfield>
    <subfield code="2">lemb</subfield>
    <subfield code="9">28205</subfield>
  </datafield>
  <datafield tag="700" ind1="1" ind2="0">
    <subfield code="a">Breitbard, Eric</subfield>
    <subfield code="4">pro</subfield>
    <subfield code="e">pro</subfield>
    <subfield code="9">303097</subfield>
  </datafield>
  <datafield tag="942" ind1=" " ind2=" ">
    <subfield code="c">BOOK</subfield>
  </datafield>
  <datafield tag="999" ind1=" " ind2=" ">
    <subfield code="c">129651</subfield>
    <subfield code="d">129651</subfield>
  </datafield>
  <datafield tag="952" ind1=" " ind2=" ">
    <subfield code="0">0</subfield>
    <subfield code="1">0</subfield>
    <subfield code="4">0</subfield>
    <subfield code="7">0</subfield>
    <subfield code="8">DIGITALBC</subfield>
    <subfield code="a">BC</subfield>
    <subfield code="b">BC</subfield>
    <subfield code="d">1999-10-12</subfield>
    <subfield code="i">C608331</subfield>
    <subfield code="l">0</subfield>
    <subfield code="o">B E35p CD-ROM</subfield>
    <subfield code="p">61000001866959</subfield>
    <subfield code="r">2023-04-22 00:00:00</subfield>
    <subfield code="t">1</subfield>
    <subfield code="w">2023-04-22</subfield>
    <subfield code="y">DIGITAL</subfield>
  </datafield>
  <datafield tag="952" ind1=" " ind2=" ">
    <subfield code="0">0</subfield>
    <subfield code="1">0</subfield>
    <subfield code="4">0</subfield>
    <subfield code="7">0</subfield>
    <subfield code="8">DIGITALBC</subfield>
    <subfield code="a">BC</subfield>
    <subfield code="b">BC</subfield>
    <subfield code="d">2003-12-17</subfield>
    <subfield code="i">C814872</subfield>
    <subfield code="l">0</subfield>
    <subfield code="o">B E35p CD-ROM e2</subfield>
    <subfield code="p">61000004874547</subfield>
    <subfield code="r">2023-04-22 00:00:00</subfield>
    <subfield code="t">3</subfield>
    <subfield code="w">2023-04-22</subfield>
    <subfield code="y">DIGITAL</subfield>
  </datafield>
</record>
